Rodinné firmy jsou oporou Několik zastavení v potravinářských podnicích na severu Itálie
Fungovanie rodinných firiem v Taliansku. V odvetví potravinárskeho priemyslu prevaha rodinných firiem. Činnosť niektorých vybraných firiem.
Salvato in:
| Autore principale: | |
|---|---|
| Natura: | Capitolo di libro |
| Lingua: | ceco |
| Soggetti: | |
| Tags: |
Nessun Tag, puoi essere il primo ad aggiungerne!!
|
MARC
| LEADER | 00000naa a2200000 4500 | ||
|---|---|---|---|
| 001 | r014144 | ||
| 005 | 20221213090129.0 | ||
| 041 | 0 | |a cze | |
| 044 | |a SK | ||
| 245 | 1 | 0 | |a Rodinné firmy jsou oporou |b Několik zastavení v potravinářských podnicích na severu Itálie |c J. Shrbená |
| 520 | |a Fungovanie rodinných firiem v Taliansku. V odvetví potravinárskeho priemyslu prevaha rodinných firiem. Činnosť niektorých vybraných firiem. | ||
| 610 | 2 | 0 | |a potravinárstvo |
| 610 | 2 | 0 | |a Taliansko |
| 610 | 2 | 0 | |a firmy |
| 610 | 2 | 0 | |a podnik rodinný |
| 100 | 1 | |a Shrbená, Jiřina | |